Organisme de Gestió Tributària : Carta de serveis Carta de serveis
Publicado:
Barcelona :
Diputació de Barcelona. Subdirecció d'Imatge Corporativa i Promoció Institucional ,
2022
Descripción Física:
21 pàgines ; il·lustracions en color ; 30 cm.
Materias:
Barcelona (Catalunya : Província). -- Organisme de Gestió Tributària -- Serveis d'atenció al client
; Impostos -- Administració i procediment -- Barcelona (Catalunya : Província)
Idioma:
Catalán
MARC
| LEADER | 00000nam a22000007a 4500 | ||
|---|---|---|---|
| 001 | 27632 | ||
| 003 | Arxiu | ||
| 005 | 20260324181158.0 | ||
| 008 | 230403b spa||||| |||| 00| 0 cat d | ||
| 017 | |a B 17105-2022 | ||
| 040 | |a agdb |b cat | ||
| 110 | |9 53627 |a Barcelona (Catalunya : Província). |b Organisme de Gestió Tributària | ||
| 245 | |a Organisme de Gestió Tributària : |b Carta de serveis | ||
| 260 | |a Barcelona : |b Diputació de Barcelona. Subdirecció d'Imatge Corporativa i Promoció Institucional ; |c 2022 | ||
| 300 | |a 21 pàgines ; |b il·lustracions en color ; |c 30 cm. | ||
| 610 | 0 | |9 55917 |a Barcelona (Catalunya : Província). |b Organisme de Gestió Tributària |x Serveis d'atenció al client | |
| 650 | 0 | |9 55918 |a Impostos |x Administració i procediment |z Barcelona (Catalunya : Província) | |
| 710 | |9 56007 |a Barcelona (Catalunya : Província). |b Subdirecció d’Imatge Corporativa i Promoció Institucional | ||
| 942 | |2 udc |c ARXIU |n 1 | ||
| 952 | |0 0 |1 0 |2 udc |4 0 |6 FU7518 |7 1 |9 65920 |a Arxiu |b Arxiu |d 2023-04-03 |l 0 |o FU-75-18 |p 27632 |r 2023-04-03 00:00:00 |w 2023-04-03 |y ARXIU | ||
| 999 | |c 83297 |d 83297 | ||